000 00318nam a2200133Ia 4500
005 20260328101515.0
008 260328s9999||||xx |||||||||||||| ||und||
100 _aRoth, Alfred
245 4 _aThe New school /
_cAlfred Roth
260 _bGirsberger
300 _a223 p.
650 _aARQUITECTURA - CULTURA
942 _cBK
999 _c9343
_d9343